|
|
|
|
| LEADER |
00850nab#a2200313#ar4500 |
| 001 |
000083521 |
| 003 |
SVKKK |
| 005 |
20070403093929.0 |
| 008 |
050331c1993 xo e slo |
| FMT |
|
|
|
| 038 |
|
|
|a SVKKK
|
| 040 |
|
|
|a SVKKK
|b slo
|e AACR2
|
| 041 |
0 |
|
|a slo
|
| 044 |
|
|
|a xo
|c SK
|
| 080 |
|
|
|a 796.322
|2 1997
|
| 100 |
1 |
|
|a Dulaiová, Mária
|4 ivr
|
| 245 |
1 |
0 |
|a Patria do Európy :
|b s trénerom košických hádzanárov S. Šipošom
|c Mária Dulaiová
|
| 300 |
|
|
|b Obr.
|
| 600 |
1 |
4 |
|a Šipoš, Slavomír,
|d ?-,
|x tréner
|z Košice (Slovensko)
|x pôsobenie
|
| 610 |
2 |
4 |
|a TJ VSŽ (Košice, Slovensko)
|
| 650 |
0 |
4 |
|a hádzaná
|z Košice (Slovensko)
|
| 700 |
1 |
|
|a Šipoš, Slavomír
|4 ive
|
| 773 |
0 |
|
|t Lúč
|g Roč. 2, č. 77 (2.4.1993), s. 8
|
| 957 |
|
|
|a 802
|
| 974 |
|
|
|a Čr
|
| 992 |
|
|
|a RBX
|
| BAS |
|
|
|
| 852 |
|
|
|a SVKKK
|b BIB
|
| 998 |
|
|
|a REG
|